| 000 | 01025cab a2200289 4500 | ||
|---|---|---|---|
| 001 | ABS42939 | ||
| 008 | 090401t1990 xxu||||| |||| 00| 0 eng d | ||
| 035 | _a(Sirsi) u39655 | ||
| 041 | _aeng | ||
| 245 | _aEastern Europe | ||
| 260 | _c1990 | ||
| 350 | _a0 | ||
| 490 |
_aEstates Times _v(1048) 25 May 1990, 14-17 |
||
| 520 | _aThree part series on Eastern Europe . Part 1 describes the workings of the property markets in Budapest , Prague , Warsaw and Moscow . Part 2 looks at the opportunities for UK property professionals and Part 3 reviews Camargue Communications report " Construction and property opportunities in Eastern Europe" (£495+VAT). Includes a brief description of the current situation in each country. | ||
| 650 | _aBULGARIA | ||
| 650 | _aCOMMERCIAL | ||
| 650 | _aCZECHOSLOVAKIA | ||
| 650 | _aEAST GERMANY | ||
| 650 | _aHUNGARY | ||
| 650 | _aPOLAND | ||
| 650 | _aROMANIA | ||
| 650 | _aUSSR | ||
| 650 | _aYUGOSLAVIA | ||
| 690 | _aOVERSEAS-EUROPE | ||
| 942 | _n0 | ||
| 948 | _c04/03/1997 | ||
| 999 |
_c25414 _d25414 |
||